The table the ass and the stick (Record no. 189171)

MARC details
000 -LÍDER
campo de controle de tamanho fixo 00351 a2200157 4500
001 - NÚMERO DE CONTROLE
campo de controle 189171
020 ## - ISBN - INTERNATIONAL STANDARD BOOK NUMBER
ISBN - International Standard Book Number 960-7955-33-1
040 ## - FONTE DA CATALOGAÇÃO
Instituição que transcreveu o registro Magnum
100 ## - ENTRADA PRINCIPAL--NOME PESSOAL
Nome pessoal Moutsou, e
240 10 - TÍTULO UNIFORME
Título uniforme The table the ass and the stick
Idioma da obra ING
245 10 - TÍTULO
Título The table the ass and the stick
300 ## - DESCRIÇÃO FÍSICA
Extensão 31
362 0# - DATAS DE PUBLICAÇÃO E/OU DESIGNAÇÃO SEQUENCIAL
Datas de publicação e/ou designação sequencial 1997
697 ## - ENTRADA DE ASSUNTO LOCAL--ENTIDADE COLETIVA (RLIN)
Nome corporativo ou nome da jurisdição LITERATURA INGLESA
942 ## - ELEMENTOS DE ENTRADA ADICIONADOS (KOHA)
Tipo de material Koha Livros
Holdings
Situação do descarte Situação das perdas Situação física Não pode ser emprestado Biblioteca de origem Biblioteca atual Data de aquisição Total de empréstimos Número de chamada completo Código de barras Data de último acesso Data do preço efetivo Tipo de material Koha
        Magnum Magnum 08/06/2024   890.1.229 MAG00064061 08/06/2024 08/06/2024 Livros
        Magnum Magnum 08/06/2024   890.1.229 MAG00064062 08/06/2024 08/06/2024 Livros
        Magnum Magnum 08/06/2024   890.1.229 MAG00064063 08/06/2024 08/06/2024 Livros
        Magnum Magnum 08/06/2024   890.1.229 MAG00064064 08/06/2024 08/06/2024 Livros